000 01230nam a2200229Ia 4500
999 _c52433
_d52433
001 19455
003 GE_BSU
005 20200518222746.0
008 181216s1989||||ge |||||||||||||| ||geo||
040 _cGE_BSU
041 _ageo
080 _a81'42(075.8) ს-42
100 _aსერგია, ვლადიმერ
_98083
245 _aტექსტის ლინგვისტიკა : ახალი ქართული მხატვრული სალიტერატურო ენის მონაცემთა მიხედვით :
_bსახელმძღვ. უმაღლ. სასწ. ფილოლ. ფაკ-ტის სტუდენტებისათვის /
_cვლადიმერ სერგია ; რედ. ალ. ღლონტი.
264 _aთბილისი :
_bგანათლება,
_c1989.
300 _a286 გვ. ;
_c21 სმ.
653 _aტექსტის ლინგვისტიკა
653 _aქართული სალიტერატურო ენა
653 _aქართული ენა
700 _aღლონტი, ალ.
_eრედაქტორი
_91038
942 _cBK
_2udc